| 000 | 01409cab a22002775a 4500 | ||
|---|---|---|---|
| 001 | L146736 | ||
| 008 | 090223e20090205xxkabdof 000 0 eng d | ||
| 035 | _a(Sirsi) u146736 | ||
| 041 | 0 | _aeng | |
| 100 | 1 | _aBowie, Jess | |
| 245 | 0 | 4 | _aThe index, and Qatar rising, and Working in Qatar |
| 260 | _c2009 | ||
| 490 | 0 |
_aArchitects' Journal _v(229) 5 February 2009, 22-33 (12) |
|
| 490 |
_aAJ Emerging markets _v(3) |
||
| 520 | _aThe third report of the Emerging Market Series (see also L145797). Discusses Qatar's construction market and opportunities. Outlines economic and socio-political data on Qatar. Presents Qatar as the future arts and education centre of the Middle East. Suggests that while being wealthy, Qatars construction opportunities have reduced due to the global economic downturn. However, its economy is expected to continue to grow. Provides advice on how to set up an architect's practice in Qatar. Includes general guidance to construction professionals who wish to migrate for career purposes to Qatar. Comprehensive report including an overview of the life in Qatar, with the cost of living. | ||
| 590 | _aKA | ||
| 651 | 4 | _aQatar | |
| 651 | 4 | _aMiddle East | |
| 690 | _aBUILT ENVIRONMENT-CONSTRUCTION MARKET | ||
| 700 | 1 | _aMurray, Christine | |
| 700 | 1 | _aArlidge, John | |
| 700 | 1 | _aAlexander, Kaye | |
| 700 | 1 | _aBennes, Crystal | |
| 700 | 1 | _aLong, Kieran | |
| 942 | _n0 | ||
| 999 |
_c81270 _d81270 |
||